000 00515nam a2200193Ia 4500
003 OSt
005 20250203095152.0
008 210210b1979 xxu||||| |||| 00| 0 eng d
040 _cAL
041 _aKannada
082 _aK894.3 INDO
100 _aINDIRA (M K)
_9129546
_d ಇಂದಿರಾ (ಎಂ ಕೆ )
245 _aOnde Nimisha
_bಒಂದೇ ನಿಮಿಷ
260 _aBengaluru
_bPrakasha Sahitya
_c1979
300 _a127
690 _aKannada Fiction
_9129547
906 _a034451
942 _2ddc
_cBK
999 _c84791
_d84791